Caribbean Dependencies - Statistics

General Stats
  • This quiz has been taken 13 times
  • The average score is 17 of 18
Answer Stats
Hint Answer % Correct
Guadeloupe France
100%
Martinique France
100%
Saint Barthélemy France
100%
Saint Martin France
100%
Aruba Netherlands
100%
Bonaire Netherlands
100%
Curaçao Netherlands
100%
Saba Netherlands
100%
Sint Eustatius Netherlands
100%
Sint Maarten Netherlands
100%
Montserrat UK
100%
__ Virgin Islands United States
100%
_____-Navassa Island Haiti / USA
92%
Anguilla UK
92%
Cayman Islands UK
92%
Turks and Caicos Islands UK
92%
Puerto Rico USA
92%
_______ Virgin Islands British
83%
No matching quizzes found
Score Distribution
Percent of People with Each Score
Percentile by Number Answered
Your Score History
You have not taken this quiz